The house of the seven gables / (Record no. 180641)

MARC details
000 -LEADER
fixed length control field 00694njm a22001933a 4500
005 - DATE AND TIME OF LATEST TRANSACTION
control field 20210812172411.0
010 ## - LCCN (DPL NO)
LC control number B-741187
020 ## - INTERNATIONAL STANDARD BOOK NUMBER
International Standard Book Number 9789384925260
Terms of availability 495.00
035 ## - SYSTEM CONTROL NUMBER
System control number B-741187
037 ## - SOURCE OF ACQUISITION
Source of stock number/acquisition Gift
082 ## - DEWEY DECIMAL CLASSIFICATION NUMBER
Classification number N
100 ## - MAIN ENTRY--PERSONAL NAME
Personal name Hawthorne, Nathaniel
245 ## - TITLE STATEMENT
Title The house of the seven gables /
Statement of responsibility, etc by Nathaniel Hawthorne
260 ## - PUBLICATION, DISTRIBUTION, ETC. (IMPRINT)
Date of publication, distribution, etc 2020
Place of publication, distribution, etc Delhi
Name of publisher, distributor, etc Shivalik Publications
270 ## - ADDRESS
Address 21-D,Pocket-I,New Kondli MIG Flats, Mayur Vihar Phase-3,
City Delhi
Postal code 110096
300 ## - PHYSICAL DESCRIPTION
Extent 192p.
Other physical details ill.
Dimensions 22cm (Hb)
942 ## - ADDED ENTRY ELEMENTS (KOHA)
Source of classification or shelving scheme Dewey Decimal Classification
Item type Children Books
Classification part N
Call number suffix HAW
Holdings
Withdrawn status Lost status Not for loan Collection code Home library Current library Date acquired Source of acquisition Cost, normal purchase price Full call number Barcode Copy number Cost, replacement price Koha item type Public note
      Fiction Central Library Central Library 12/08/2021 Gift/Eng/9.8.2021 495.00 N HAW B-741187 1 495.00 Children Books Gift

© Delhi Public Library
Hit Counter
free hit counter